Statistics for Top Five Exporting Partners by Country

Click here to take the quiz!

General Stats

  • This quiz has been taken 42,426 times
    (30,324 since last reset)
  • The average score is 20 of 29

Answer Stats

Country% Correct
China
99%
United States
99%
United Kingdom
98%
Germany
96%
Russia
96%
Spain
94%
Italy
89%
Japan
88%
India
85%
Argentina
84%
Chile
83%
France
81%
Pakistan
77%
Turkey
75%
Brazil
71%
Netherlands
70%
Belgium
66%
Armenia
65%
Azerbaijan
63%
Sri Lanka
57%
Thailand
55%
Vietnam
49%
Switzerland
48%
Dominica
42%
St. Kitts and Nevis
38%
St. Lucia
38%
Barbados
37%
Singapore
36%
United Arab Emirates
36%

Score Distribution

Percentile by Number Answered

Percent of People with Each Score

Your Score History

You have not taken this quiz since the last reset